000 00957 a2200241 4500
001 41995
005 20260407155711.0
008 260407a1984 arg spa d
003 AR-UNSa-BCEJYS
040 _aAR-UNSa-BCEJYS
_bspa
_cAR-UNSa-BCEJYS
080 _a330
_xEconomía en general
245 1 0 _aEconomía
020 _a968-451-633-9
250 _a2a. ed.
264 1 _aMéxico :
_bMcGraw-Hill
_c1984
300 _axlvi, 955 p.
_c23 cm.
505 _a1. Conceptos económicos básicos - 2. Alto nivel de empleo y estabilidad de precios - 3. Políticas de demanda agregada - 4. Las grandes cuestiones macroeconomicas de nuestro tiempo - 5. Microeconomía ¿ Es suficiente nuestra producción? - 6. Eficiencia económica: Cuestiones para nuestro tiempo - 7. Microeconomía: Como se distribuye la renta
041 _aspa
942 _cBK
590 _aniveau_biblio:m niveau_hierar:0
100 1 _aWonnacott, Ronald J.
700 1 _aWonnacott, Paul
999 _c3560
_d3560